Caribbean Sea countries - Statistics

General Stats
  • This quiz has been taken 512 times
    497 since last reset
  • The average score is 16 of 21
Answer Stats
Hint Answer % Correct
6 Cuba
95%
7 Dominica
92%
11 Haiti
92%
13 Jamaica
92%
8 Dominican Republic
88%
2 Barbados
86%
14 Mexico
85%
16 Panama
83%
3 Belize
82%
4 Costa Rica
81%
12 Honduras
81%
15 Nicaragua
79%
9 Grenada
78%
21 Venezuela
76%
10 Guatemala
74%
5 Colombia
73%
20 Trinidad and Tobago
66%
1 Antigua and Barbuda
63%
18 Saint Lucia
61%
17 Saint Kitts and Nevis
54%
19 Saint Vincent and the Grenadines
50%
No matching quizzes found
Score Distribution
Percent of People with Each Score
Percentile by Number Answered
Your Score History
You have not taken this quiz since the last reset